| 000 | 02140 a2200445 4500 | ||
|---|---|---|---|
| 001 | 23631090 | ||
| 003 | 000 | ||
| 005 | 20251015150427.0 | ||
| 008 | 240403s2024 flu b 001 0 eng | ||
| 010 | _a 2024015263 | ||
| 020 | _a9780367558154 | ||
| 035 | _a23631090 | ||
| 040 |
_aDNLM/DLC _beng _erda _cDLC _dDLC |
||
| 042 | _apcc | ||
| 050 | 0 | 0 | _aRC 78.7 .D35 .I47 |
| 060 | 0 | 0 | _aWN 160 |
| 082 | 0 | 0 |
_a616.07/570285 _223/eng/20240625 |
| 100 | _aEltorai, Adam E.M. | ||
| 245 | 0 | 0 |
_aImpact of artificial intelligence in radiology / _cedited by Adam E.M. Eltorai, Ian Pan and Haiwei Henry Guo. |
| 263 | _a2409 | ||
| 264 | 1 |
_aBoca Raton : _bCRC Press, _c2025. |
|
| 300 | _axii, 240p. ill. | ||
| 336 |
_atext _btxt _2rdacontent |
||
| 337 |
_aunmediated _bn _2rdamedia |
||
| 338 |
_avolume _bnc _2rdacarrier |
||
| 490 | _aAI in Clinical Practice Series | ||
| 504 | _aIncludes bibliographical references and index. | ||
| 520 |
_a"Implementation of artificial intelligence AI in Radiology is an important topic of discussion. Advances in AI which encompass machine learning, artificial neural networks, and deep learning are increasingly being applied to diagnostic imaging. While some posit radiologists are irreplaceable, certain AI proponents have proposed to stop training radiologists now. By compiling perspectives from experts from various backgrounds, this book explores the current state of AI efforts in Radiology along with the clinical, financial, technological, and societal perspectives on the role and expected impact of AI in Radiology"-- _cProvided by publisher. |
||
| 650 | 1 | 2 | _aTechnology, Radiologic |
| 650 | 1 | 2 | _aArtificial Intelligence |
| 650 | 2 | 2 | _aMedical Informatics Applications |
| 650 | 2 | 2 |
_aRadiology _xmethods |
| 700 | 1 |
_aEltorai, Adam E. M., _eeditor. |
|
| 700 | 1 |
_aPan, Ian, _eeditor. |
|
| 700 | 1 |
_aGuo, Haiwei Henry, _eeditor. |
|
| 776 | 0 | 8 |
_iOnline version: _tImpact of artificial intelligence in radiology _bFirst edition. _dBoca Raton : CRC Press, 2024 _z9781003095279 _w(DLC) 2024015264 |
| 906 |
_a7 _bcbc _corignew _d1 _eecip _f20 _gy-gencatlg |
||
| 942 |
_2lcc _cBK |
||
| 999 |
_c43808 _d43808 |
||